000 00684nam a2200229Ia 4500
003 OSt
005 20220918230546.0
006 a|||||r|||| 00| 0
007 ta
008 220917b |||||||| |||| 00| 0 eng d
024 _a255,836
037 _cTextual
040 _aARTS
_cARTS
_beng
041 _2eng
_aeng
082 _aX:275.N80t, M0
245 0 _aDevelopment co-operation
_b efforts and policies of the members of the development assistance committee
260 _aParis
_bOrganisation for Economic Co-operation and development
_c1980
300 _a241p.
_ccm.
650 _aECONOMICS
942 _hX:275.N80t, M0
_cTEXL
_2CC
999 _c288353
_d288353